Operación rescate

Spremljeno u:
Bibliografski detalji
Glavni autor: Leeuwen, Jean Van (Autor)
Format: Knjiga
Jezik:španjolski
Izdano: Madrid Ediciones SM 1994
Izdanje:10a. ed
Serija:El Barco de Vapor. Serie naranja, 35
Teme:
Oznake: Dodaj oznaku
Bez oznaka, Budi prvi tko označuje ovaj zapis!

MARC

LEADER 00000nam a2200000 a 4500
001 UCH8419
003 CL-VaPUC
008 091127e19940000SP |||||||||||||||||spa|d
020 |a 843481756X 
082 0 4 |a 813  |b LEE  |2 21 
100 |a Leeuwen, Jean Van  |e author  |9 545013 
245 1 0 |a Operación rescate 
250 |a 10a. ed 
300 |a 121 p 
942 |c BK 
945 |d 20091127 00:00:00 
260 |a Madrid  |b Ediciones SM  |c 1994 
650 0 |a Literatura inglesa  |9 312907 
650 0 |a Ficción   |9 376687 
650 7 |a NOVELAS  |2 CL-VaPUC  |9 333250 
650 0 |a Lectura  |9 307634 
650 0 |a Niños  |9 255605 
651 0 |a Estados Unidos  |9 255178 
583 |a last modification  |c 20091127 00:00:00  |k Rodrigo Vera 
490 0 |a El Barco de Vapor. Serie naranja, 35 
999 |c 338633  |d 338631